NLSUI OPAC header image

I Have Not Seen Mandu : (Record no. 211472)

MARC details
000 -LEADER
fixed length control field 00944nam a22002057a 4500
005 - DATE AND TIME OF LATEST TRANSACTION
control field 20260522122000.0
008 - FIXED-LENGTH DATA ELEMENTS--GENERAL INFORMATION
fixed length control field 220921b2021 ||||| |||| 00| 0 eng
020 ## - INTERNATIONAL STANDARD BOOK NUMBER
International Standard Book Number 9789390477586 (hbk.)
082 ## - DEWEY DECIMAL CLASSIFICATION NUMBER
Classification number 891.438109 DEE
100 ## - MAIN ENTRY--PERSONAL NAME
Personal name Deepak, Swadesh.
245 ## - TITLE STATEMENT
Title I Have Not Seen Mandu :
Remainder of title a fractured Soul-Memoir /
Statement of responsibility, etc. Swadesh Deepak.
260 ## - PUBLICATION, DISTRIBUTION, ETC.
Place of publication, distribution, etc. New Delhi :
Name of publisher, distributor, etc. Speaking Tiger,
Date of publication, distribution, etc. 2021.
300 ## - PHYSICAL DESCRIPTION
Extent xviii, 341 p. ;
Dimensions 21 cm.
365 ## - TRADE PRICE
Price amount RS.459
505 ## - Contents
Contents Content:<br/>Translators Introduction;<br/>There is NO Bridge Here;<br/>1. A Late NIght With Nirmal Verma;<br/>2. I have Seen Mandu;<br/>3. How Many Murders Have You Committed;<br/>4. A Blind Man in the Dark;<br/>5. Do I Know You;<br/>6. There is a Magic to Women;<br/>7. Now No One Will Come Here, No One At All;<br/>8. The Wanderings of a Darkling Autumn;<br/>9. Chal Khusrau Ghat Aapne
650 ## - SUBJECT ADDED ENTRY--TOPICAL TERM
Topical term or geographic name entry element Depressive Persons
650 ## - SUBJECT ADDED ENTRY--TOPICAL TERM
Topical term or geographic name entry element Mental Health
700 ## - ADDED ENTRY--PERSONAL NAME
Personal name Translated by Pinto, Jerry.
942 ## - ADDED ENTRY ELEMENTS (KOHA)
Source of classification or shelving scheme Dewey Decimal Classification
Koha item type BOOKs
Holdings
Withdrawn status Lost status Source of classification or shelving scheme Materials specified (bound volume or other part) Damaged status Not for loan Home library Current library Shelving location Date acquired Source of acquisition Cost, normal purchase price Total Checkouts Total Renewals Full call number Barcode Date last seen Date last checked out Price effective from Koha item type
    Dewey Decimal Classification PB     NLS NLS General Stacks 21/09/2022 Purchased 499.00 3 2 891.438109 DEE 38862 24/05/2024 02/05/2024 21/09/2022 BOOKs